Physical education activities : Sports, games and coaching (Record no. 1384701)

MARC details
000 -LEADER
fixed length control field 00520nam a2200181Ia 4500
005 - DATE AND TIME OF LATEST TRANSACTION
control field 20250508163702.0
008 - FIXED-LENGTH DATA ELEMENTS--GENERAL INFORMATION
fixed length control field 008 250505s9999 xx 000 0 eng d
037 ## - SOURCE OF ACQUISITION
Stock number Textual
040 ## - CATALOGING SOURCE
Original cataloging agency FEDL
Language of cataloging eng
Transcribing agency FEDL
041 ## - LANGUAGE CODE
Language code of text/sound track or separate title eng
Source of code eng
084 ## - COLON CLASSIFICATION NUMBER
Classification number 371.7, KOK
Assigning agency FEDL
100 ## - MAIN ENTRY--PERSONAL NAME
Personal name Kokate Sanjay
9 (RLIN) 775988
245 #0 - TITLE STATEMENT
Title Physical education activities : Sports, games and coaching
260 ## - PUBLICATION, DISTRIBUTION, ETC.
Place of publication, distribution, etc. Jaipur, India
Name of publisher, distributor, etc. Book Enclave
Date of publication, distribution, etc. 1997
300 ## - PHYSICAL DESCRIPTION
Extent 234p
942 ## - ADDED ENTRY ELEMENTS (KOHA)
Koha item type Textual
Classification part 371.7, KOK
Holdings
Withdrawn status Lost status Damaged status Not for loan Home library Current library Date acquired Total Checkouts Full call number Barcode Date last seen Price effective from Koha item type
        Department of Education Library Department of Education Library 2025-05-08   371.7, KOK EL0078219 2025-05-08 2025-05-08 Textual
Copyright @ Delhi University Library System